| Tag |
First Indicator |
Second Indicator |
Subfields |
| LEADER |
00000nam a2200000 4500 |
| 001 |
in00004325921 |
| 005 |
20200812081406.0 |
| 006 |
m g d |
| 007 |
cr bn |||a|bb| |
| 008 |
951208s1642 enk o 00| | eng d |
| 035 |
|
|
|a (UnM)99832704
|
| 037 |
|
|
|a CL0037000086
|b ProQuest Information and Learning. 300 N. Zeeb Rd., Ann Arbor, MI 48106
|
| 040 |
|
|
|a Cu-RivES
|c Cu-RivES
|e dcrb
|d WaOLN
|
| 100 |
0 |
|
|a W. P.
|
| 245 |
1 |
4 |
|a The last true newes from Ireland :
|b being the copie of a letter sent from Dublin, to a gentleman of good ranke, and now resident in this city. Wherein is declared many great overthrowes and defeates given to the rebels. Likewise the manner how a great castle called Carricke Mayne (within 6. myles of Dublin) was taken by the English, and the rebels put to death, man, woman, and child. Also a true intelligence that the rebels are beaten by Sir Henry Titchburne out of Dundalke.
|
| 260 |
|
|
|a London :
|b printed for T.F.,
|c 1642.
|
| 300 |
|
|
|a 1 online resource ([8] pages)
|
| 336 |
|
|
|a text
|b txt
|2 rdacontent
|
| 337 |
|
|
|a computer
|b c
|2 rdamedia
|
| 338 |
|
|
|a online resource
|b cr
|2 rdacarrier
|
| 500 |
|
|
|a Signed at end: W.P.
|
| 500 |
|
|
|a Signatures: A⁴.
|
| 500 |
|
|
|a Print show-through.
|
| 500 |
|
|
|a Reproduction of the original in the Bodleian Library.
|
| 510 |
4 |
|
|a Wing (2nd edition, 1994)
|c P131
|
| 533 |
|
|
|a Electronic reproduction.
|b Ann Arbor, Mich. :
|c UMI,
|d 1999-
|f (Early English books online)
|n Digital version of: (Early English books, 1641-1700 ; 2149:8)
|7 s1999 miun s
|
| 651 |
|
4 |
|a Ireland
|x History
|y 1625-1649
|v Early works to 1800.
|
| 830 |
|
0 |
|a Early English books online.
|
| 856 |
4 |
0 |
|u http://proxy.library.tamu.edu/login?url=https://search.proquest.com/docview/2240901049
|z Connect to the full text of this electronic book
|t 0
|
| 999 |
f |
f |
|s 1e6e3adf-a8f6-3738-944a-98d5447f502e
|i 4665b850-7568-3e8d-8526-f8946eb1bffa
|t 0
|
| 952 |
f |
f |
|a Texas A&M University
|b College Station
|c Electronic Resources
|d Available Online
|t 0
|h No information provided
|
| 998 |
f |
f |
|t 0
|l Available Online
|